<?xml version="1.0" encoding="UTF-8"?>
<collection xmlns="http://www.loc.gov/MARC21/slim">
<record>
  <controlfield tag="001">4360</controlfield>
  <controlfield tag="005">20191219230959.0</controlfield>
  <datafield tag="037" ind1=" " ind2=" ">
    <subfield code="a">POSTER-2019-0119</subfield>
  </datafield>
  <datafield tag="100" ind1=" " ind2=" ">
    <subfield code="a">Bechet, Sabrina</subfield>
  </datafield>
  <datafield tag="245" ind1=" " ind2=" ">
    <subfield code="a">Data homogenization for a network of ground-based synoptic imaging telescopes</subfield>
  </datafield>
  <datafield tag="260" ind1=" " ind2=" ">
    <subfield code="c">2019</subfield>
  </datafield>
  <datafield tag="269" ind1=" " ind2=" ">
    <subfield code="c">2019-09-19</subfield>
  </datafield>
  <datafield tag="520" ind1=" " ind2=" ">
    <subfield code="a">Ground-based synoptic imaging telescopes are used nowadays for continuous whole-disk monitoring of solar activity as a lightweight patrol for space weather forecasts. However, one single station has limited time coverage due to the night-day cycle and variable observing conditions. This can be mitigated by considering a network of stations at different geographical locations. However, before such multi-station data can be merged, we need to homogenize images from different instruments (different optical set-up, bandpasses, CCD), or from identical instruments at different sites (different observing conditions, slightly different spectral bandpass, ..) such as the planned SOLARNET-SPRING network. This is a first mandatory step towards more advanced products such as synoptic maps and solar feature or event detection. We present the ongoing development of such homogenization algorithms for full disk images at three different wavelengths (white-light, Ca II K and H-alpha). In particular we illustrate the correction of geometrical differences (disk re-centering, intensity normalization) as well as radial and non-radial photometric inhomogeneities (limb darkening, atmospheric transparency, stray-light) on synoptic images taken at the Royal Observatory of Belgium (ROB) and at the Kanzelhöhe Observatory (KSO). </subfield>
  </datafield>
  <datafield tag="594" ind1=" " ind2=" ">
    <subfield code="a">STCE</subfield>
  </datafield>
  <datafield tag="653" ind1="1" ind2=" ">
    <subfield code="a">USET</subfield>
  </datafield>
  <datafield tag="653" ind1="1" ind2=" ">
    <subfield code="a">homogenization</subfield>
  </datafield>
  <datafield tag="653" ind1="1" ind2=" ">
    <subfield code="a">synoptic images</subfield>
  </datafield>
  <datafield tag="700" ind1=" " ind2=" ">
    <subfield code="a">Clette, Frédéric</subfield>
  </datafield>
  <datafield tag="773" ind1=" " ind2=" ">
    <subfield code="t">ML-Helio, Machine Learning in Heliophysics</subfield>
  </datafield>
  <datafield tag="856" ind1="0" ind2=" ">
    <subfield code="f">sabrina.bechet@observatoire.be</subfield>
  </datafield>
  <datafield tag="856" ind1="4" ind2="2">
    <subfield code="a">https://ml-helio.github.io/</subfield>
  </datafield>
  <datafield tag="980" ind1=" " ind2=" ">
    <subfield code="a">CPOSTER</subfield>
  </datafield>
</record>
</collection>